LEADER 00873nam a2200217 i 4500 001 000000135693 003 CaOOAMICUS 005 20050309000000.0 008 050309s1978 it u000 u ita u 013 $a109084 040 $aSeMil$bita 100 1 $aCuscito, Giuseppe.$0(OLS)http://semarc/name/10730 245 13$aLa Basilica di Aquileia /$cdi Giuseppe Cuscito. 260 $aBologna :$bLa Fotocromo Emiliana,$ccopyr. 1978. 300 $a1 v. :$briccamente ill. ;$c30 cm. 650 4$aAquileia - Chiese - Santa Maria Assunta.$0(OLS)http://semarc/subject/23936 850 $aSeMil 852 $aSeMil$W1$xVenegono$y1$m5R XI 53$j89337$B89337$CSeMilBibl$Z2$F94052 $81 961 $aOmaggio: Poma mons. Gianfranco 996 $6245$aLa Basilica di Aquileia$9(OLS)http://semarc/title/198380 996 $6260$aBologna :$bLa Fotocromo Emiliana$9(OLS)http://semarc/publisher/46855 LEADER 00878nam a2200229 i 4500 001 000000069118 003 CaOOAMICUS 005 20220309154215.0 008 080808s1928 it u000 u ita u 013 $a40290 040 $aSeMil$bita 245 10$aVol. 1. 264 1$aFirenze :$bVallecchi,$c1928. 300 $aLXXXVI, 227 p. ;$c20 cm. 700 1 $aCarlini, Armando,$d<1878-1959>.$0(OLS)http://semarc/name/4851 773 0 $aCarlini, Armando <1878-1959>$tFilosofia di G. Locke.$dFirenze : Vallecchi, 1928-1929.$b2. edizione riveduta.$kPensiero moderno$g1$w()19879 850 $aSeMil 852 $aSeMil$W1$xVenegono$y1$m2P II 39$j35271$B35271$CSeMilBibl$Z2$F35274 $81 961 $aLascito: Ciprandi dott. Paolo 996 $6245$aVol. 1$9(OLS)http://semarc/title/13429 996 $6264$aFirenze :$bVallecchi$9(OLS)http://semarc/publisher/29768